| 000 | 00557cam a2200145 4500500 | ||
|---|---|---|---|
| 005 | 20260329020405.0 | ||
| 041 | _afre | ||
| 042 | _adc | ||
| 100 | 1 | 0 |
_aBeucler-Bour, Valérie _eauthor |
| 700 | 1 | 0 |
_aLapointe, Marc _eauthor |
| 700 | 1 | 0 |
_aPinard Legry, Gérard _eauthor |
| 245 | 0 | 0 | _aMéthodes de prévention et lutte contre la corrosion |
| 260 |
_bTechniques de l'ingénieur,
_c2025. |
||
| 856 | 4 | 1 | _uhttps://stm.cairn.info/techniques-de-l-ingenieur-methodes-de-prevention-et-lutte-contre-la-corrosion--42374210?lang=fr&redirect-ssocas=7080 |
| 999 |
_c1905832 _d1905832 |
||